Исследование многозазорного газового разрядника типа FAST LTD; Современные техника и технологии; Т. 1

Dades bibliogràfiques
Parent link:Современные техника и технологии: сборник трудов XVII международной научно-практической конференции студентов, аспирантов и молодых ученых, Томск, 18-22 апреля 2011 г/ Национальный исследовательский Томский политехнический университет (ТПУ).— , 2011
Т. 1.— 2011.— [С. 74-75]
Autor principal: Кондратьев С. С.
Altres autors: Алексеенко В. М. (научный руководитель), Ким А. А. Александр Андреевич
Sumari:Заглавие с титульного экрана
Idioma:rus
Publicat: 2011
Col·lecció:Электроэнергетика
Matèries:
Accés en línia:http://www.lib.tpu.ru/fulltext/c/2011/C01/V01/035.pdf
Format: MixedMaterials Electrònic Capítol de llibre
KOHA link:https://koha.lib.tpu.ru/cgi-bin/koha/opac-detail.pl?biblionumber=234398

MARC

LEADER 00000naa2a2200000 4500
001 234398
005 20260203085817.0
035 |a (RuTPU)RU\TPU\book\255521 
035 |a RU\TPU\book\255520 
090 |a 234398 
100 |a 20130325d2011 k y0rusy50 ca 
101 0 |a rus 
102 |a RU 
135 |a drnn ---uucaa 
181 0 |a i  
182 0 |a b 
200 1 |a Исследование многозазорного газового разрядника типа FAST LTD  |f С. С. Кондратьев, В. М. Алексеенко, А. А. Ким  |g науч. рук. А. А. Ким 
203 |a Текст  |c электронный 
225 1 |a Электроэнергетика 
300 |a Заглавие с титульного экрана 
320 |a [Библиогр.: с. 75 (2 назв.)] 
337 |a Adobe Reader 
461 1 |0 (RuTPU)RU\TPU\book\255301  |t Современные техника и технологии  |o сборник трудов XVII международной научно-практической конференции студентов, аспирантов и молодых ученых, Томск, 18-22 апреля 2011 г  |o в 3 т.  |f Национальный исследовательский Томский политехнический университет (ТПУ)  |d 2011 
463 1 |0 (RuTPU)RU\TPU\book\255306  |t Т. 1  |v [С. 74-75]  |d 2011 
610 1 |a труды учёных ТПУ 
610 1 |a электронный ресурс 
610 1 |a исследование 
610 1 |a газовый режим 
610 1 |a разрядники 
700 1 |a Кондратьев  |b С. С. 
701 1 |a Алексеенко  |b В. М. 
701 1 |a Ким  |b А. А.  |c специалист в области электроники  |c профессор Томского политехнического университета, доктор технических наук  |g Александр Андреевич  |3 (RuTPU)RU\TPU\pers\30566 
702 1 |a Ким  |b А. А.  |c специалист в области электроники  |c профессор Томского политехнического университета, доктор технических наук  |g Александр Андреевич  |4 727 
801 2 |a RU  |b 63413507  |c 20160124  |g RCR 
856 4 |u http://www.lib.tpu.ru/fulltext/c/2011/C01/V01/035.pdf 
942 |c CF